|
|
|
|
| LEADER |
00000nta a2200000 i 4500 |
| 001 |
dolg34297 |
| 005 |
20210902114206.0 |
| 008 |
210902s2013 hu om 000 hun d |
| 040 |
|
|
|a BGE Dolgozattár Repozitórium
|b hun
|
| 041 |
|
|
|a hu
|
| 100 |
1 |
|
|a Dirle-Czeiszperger Dóra
|
| 245 |
1 |
0 |
|a Egységben az erő!
|b A közösségi vásárlás modelljének bemutatása a Bónusz Brigád példáján keresztül
|c Dirle-Czeiszperger Dóra
|h [elektronikus dokumentum]
|
| 260 |
|
|
|c 2013
|
| 695 |
|
|
|a Közösségi média
|
| 695 |
|
|
|a Marketingkommunikáció
|
| 700 |
1 |
|
|a Nincs adat Nincs adat
|e ths
|
| 856 |
4 |
0 |
|u http://dolgozattar.uni-bge.hu/34297/1/D_16331_Dirle-Czeiszperger%20D%C3%B3ra.pdf
|z Dokumentum-elérés
|